| 000 | 00749cam3a220022900 4500 | ||
|---|---|---|---|
| 001 | tmp15433092 | ||
| 003 | UPRA | ||
| 005 | 20190826180507.0 | ||
| 008 | 950814s1962 dcu eng u | ||
| 020 |
_c _15.00 |
||
| 035 | _a(Sirsi) r106032 | ||
| 035 | _a(UPRA)tmp15433092 | ||
| 040 | _cUPRA | ||
| 100 | 1 |
_aMaxwell, James A., 1912- _dMaxwell, James A., 1912- _6A63408.1 |
|
| 245 | 1 | 0 | _aTax credits and intergovernmental fiscal relations. |
| 246 | 3 | 0 | _aTax credits and intergovernmental relations |
| 260 |
_aWashington, DC : _bBrookings Institution, _c[1962] |
||
| 650 | 0 |
_aTax credits. _6S49261.1 |
|
| 650 | 0 |
_aIntergovernmental fiscal relations. _6S539.1 |
|
| 949 |
_aHJ197 _wlcc _i33729005174789 _mMAIN _p1500 _tBOOK _lON-SHELF |
||
| 004 | 106032 | ||
| 999 |
_c169361 _d169362 |
||